<?xml version="1.0" encoding="UTF-8"?>
<record
    xmlns:xsi="http://www.w3.org/2001/XMLSchema-instance"
    xsi:schemaLocation="http://www.loc.gov/MARC21/slim http://www.loc.gov/standards/marcxml/schema/MARC21slim.xsd"
    xmlns="http://www.loc.gov/MARC21/slim">

  <leader>01127nam a2200289   4500</leader>
  <controlfield tag="001">005285</controlfield>
  <controlfield tag="003">AR-CdUEA</controlfield>
  <controlfield tag="005">20220326193257.0</controlfield>
  <controlfield tag="008">090912s1998____ag_||||||||||_||||||spa|d</controlfield>
  <datafield tag="020" ind1=" " ind2=" ">
    <subfield code="a">9501265064</subfield>
  </datafield>
  <datafield tag="040" ind1=" " ind2=" ">
    <subfield code="a">AR-CdUEA</subfield>
    <subfield code="c">asdfghjl</subfield>
  </datafield>
  <datafield tag="082" ind1=" " ind2=" ">
    <subfield code="a">306</subfield>
    <subfield code="b">J31e</subfield>
  </datafield>
  <datafield tag="100" ind1="1" ind2=" ">
    <subfield code="a">Jameson, Fredric, </subfield>
    <subfield code="d">1934-</subfield>
    <subfield code="9">1139</subfield>
  </datafield>
  <datafield tag="245" ind1="1" ind2="0">
    <subfield code="a">Estudios culturales : </subfield>
    <subfield code="b">reflexiones sobre el Multiculturalismo / </subfield>
    <subfield code="c">Frederic Jameson y Slavoj Zizek ; introducci&#xF3;n de Eduardo gr&#xFC;ner.</subfield>
  </datafield>
  <datafield tag="260" ind1=" " ind2=" ">
    <subfield code="a">Buenos Aires : </subfield>
    <subfield code="b">Paid&#xF3;s, </subfield>
    <subfield code="c">1998</subfield>
  </datafield>
  <datafield tag="300" ind1=" " ind2=" ">
    <subfield code="a">188 p. ; </subfield>
    <subfield code="c">21 cm.</subfield>
  </datafield>
  <datafield tag="490" ind1="0" ind2=" ">
    <subfield code="a">Espacios del saber ; </subfield>
    <subfield code="v">6</subfield>
  </datafield>
  <datafield tag="500" ind1=" " ind2=" ">
    <subfield code="a">Tipo de documento: LIBRO</subfield>
  </datafield>
  <datafield tag="505" ind1="0" ind2=" ">
    <subfield code="t">El retorno de la teor&#xED;a cr&#xED;tica de la cultura : una introducci&#xF3;n aleg&#xF3;rica a Jameson y Zizek -- </subfield>
    <subfield code="t">Sobre los estudios culturales -- </subfield>
    <subfield code="t">Multiculturalismo, o la l&#xF3;gica cultural del capitalismo multinacional</subfield>
  </datafield>
  <datafield tag="650" ind1=" " ind2="4">
    <subfield code="a">POSMODERNIDAD</subfield>
    <subfield code="9">1140</subfield>
  </datafield>
  <datafield tag="650" ind1=" " ind2="4">
    <subfield code="a">cultura</subfield>
    <subfield code="9">113</subfield>
  </datafield>
  <datafield tag="650" ind1=" " ind2="4">
    <subfield code="a">CULTURA CONTEMPORANEA</subfield>
    <subfield code="9">942</subfield>
  </datafield>
  <datafield tag="650" ind1=" " ind2="4">
    <subfield code="a">MULTICULTURALISMO</subfield>
    <subfield code="9">1141</subfield>
  </datafield>
  <datafield tag="650" ind1=" " ind2="4">
    <subfield code="a">ESTUDIOS CULTURALES</subfield>
    <subfield code="9">1142</subfield>
  </datafield>
  <datafield tag="650" ind1=" " ind2="4">
    <subfield code="a">ENSAYOS SOCIOLOGICOS</subfield>
    <subfield code="9">1143</subfield>
  </datafield>
  <datafield tag="700" ind1="1" ind2=" ">
    <subfield code="a">Zizek, Slavoj, </subfield>
    <subfield code="d">1949-</subfield>
    <subfield code="9">1144</subfield>
  </datafield>
  <datafield tag="999" ind1=" " ind2=" ">
    <subfield code="c">246</subfield>
    <subfield code="d">246</subfield>
  </datafield>
  <datafield tag="952" ind1=" " ind2=" ">
    <subfield code="0">0</subfield>
    <subfield code="1">0</subfield>
    <subfield code="2">ddc</subfield>
    <subfield code="4">0</subfield>
    <subfield code="7">0</subfield>
    <subfield code="a">LV</subfield>
    <subfield code="b">LV</subfield>
    <subfield code="c">Pensamiento</subfield>
    <subfield code="d">2014-06-23</subfield>
    <subfield code="l">0</subfield>
    <subfield code="o">306 J31e</subfield>
    <subfield code="p">000272</subfield>
    <subfield code="r">2014-06-23 00:00:00</subfield>
    <subfield code="w">2014-06-23</subfield>
    <subfield code="y">01</subfield>
  </datafield>
</record>
